Guess the Jurassic Park/World Characters - Statistics

General Stats
  • This quiz has been taken 20 times
  • The average score is 10 of 16
Answer Stats
Hint Character % Correct
The Owner and Founder of the original Jurassic Park JohnHammond
100%
Man who steals embryos from InGen Dennis Nedry
88%
Paleontologist with no interest in Theme Park Monsters Alan Grant
82%
Jurassic Park's Chief Geneticist Henry Wu
76%
Raptor Handler hired out of the Navy Owen Grady
76%
Paleobotanist who assisted in the Park Assessment Ellie Sattler
71%
Man who hired the above Lewis Dodgson
65%
Chief Engineer Killed Off-Screen by a Velociraptor Ray Arnold
65%
Former Jurassic World Operations Manager and later Dinosaur Rights Activist Claire Dearing
59%
Cloned Daughter of Charlotte Lockwood Maisie Lockwood
59%
Game Warden for Jurassic Park Robert Muldoon
59%
The man who reopened the park after the original owner passed away Simon Masrani
59%
Head of InGen's Security Force who plans to Weaponize Velociraptors Vic Hoskins
53%
Systems Analyst of theDinosaur Protection Group (DPG) Franklin Webb
29%
Mascot of Jurassic Park Mr. D.N.A
29%
Paleoveterinarian and member of the DPG Zia Rodriguez
29%
No matching quizzes found
Score Distribution
Percent of People with Each Score
Percentile by Number Answered
Your Score History
You have not taken this quiz